000 00303nam a2200121Ia 4500
005 20251222152034.0
008 251222s9999||||xx |||||||||||||| ||spa||
082 _a664.8/S42
245 0 _aManual para la Preparación y Ventas de Frutas y Hortalizas
250 _a1ra.ed.
264 _bFAO
942 _cLIB
999 _c25795
_d25795